| 000 -LEADER |
| fixed length control field |
00855nam a22001457a 4500 |
| 008 - FIXED-LENGTH DATA ELEMENTS--GENERAL INFORMATION |
| fixed length control field |
220702b ||||| |||| 00| 0 eng d |
| 100 ## - MAIN ENTRY--PERSONAL NAME |
| Personal name |
Wadhwa, Manjula |
| 245 ## - TITLE STATEMENT |
| Title |
Tech-innovation in banking |
| 260 ## - PUBLICATION, DISTRIBUTION, ETC. (IMPRINT) |
| Place of publication, distribution, etc |
Yojana |
| 300 ## - PHYSICAL DESCRIPTION |
| Extent |
66(6), Jun, 2022: p.41-43 |
| 520 ## - SUMMARY, ETC. |
| Summary, etc |
The banking sector is rapidly adopting new merging technologies to draw the customers to park their wealth in attractive bank products and schemes. Latest technologies like artificial intelligence. Big data, deep machine learning and robotics are being used to understand the customers and their needs better. Established 252 years age, banking system in India has left its traditional way of functioning for behind and has emerged in new advent of new technologies. – Reproduced |
| 773 ## - HOST ITEM ENTRY |
| Main entry heading |
Yojana |
| 906 ## - LOCAL DATA ELEMENT F, LDF (RLIN) |
| Subject DIP |
FINANCE - TECHNOLOGICAL INNOVATIONS |
| 942 ## - ADDED ENTRY ELEMENTS (KOHA) |
| Item type |
Articles |